| 000 | 00403nam a2200145Ia 4500 | ||
|---|---|---|---|
| 008 | 151021s9999 xx 000 0 und d | ||
| 020 | _a324186266 | ||
| 050 | _aHD 31 .M2815 2004 | ||
| 245 | _a_Introduction to Business (3rd ed.)/ Jeff Madura | ||
| 260 | _aMexico : Thomson , 2004 | ||
| 300 | _axxxv,715p. | ||
| 500 | _aIncludes index | ||
| 650 | _a_Business | ||
| 980 | _a^d20140109 11:55:07^oanne | ||
| 999 |
_c9187 _d9187 |
||